| 000 | 00494nam a2200169Ia 4500 | ||
|---|---|---|---|
| 008 | 230524s9999 xx 000 0 und d | ||
| 082 |
_a658.4 _bTHO |
||
| 100 | _aArthur A.Thompson | ||
| 245 | 0 | _aCrafting & Executing Strategy (The Quest for Competitive Advantage) Concepts & | |
| 250 | _a6TH | ||
| 260 |
_aNEW DELHI _bTMH _c2010 |
||
| 300 | _aXXXIX;487 | ||
| 500 | _aQuantity Number: 2 | ||
| 650 | _aManagement | ||
| 700 | _a" A.J.Strickland, John E.Gamble , Arun K.Jain,," | ||
| 942 | _cBK | ||
| 999 |
_c46780 _d46780 |
||